Suomen kauppakeskukset - Statistics

Yleistilastot
  • Tätä visaa on pelattu 127 kertaa
  • Keskiarvotulos 53 / 121
Vastaustilastot
maakunta kauppakeskus kunta % Oikein
Keski-Suomi Jyväskeskus Jyväskylä
82%
Keski-Suomi Forum Jyväskylä
76%
Keski-Suomi Seppä Jyväskylä
76%
Lappi Revontuli Rovaniemi
75%
Etelä-Pohjanmaa Ideapark Seinäjoki
75%
Pirkanmaa Ratina Tampere
75%
Keski-Suomi Keljonkeskus Jyväskylä
73%
Keski-Suomi Torikeskus Jyväskylä
73%
Pirkanmaa Ideapark Lempäälä
73%
Pirkanmaa Koskikeskus Tampere
73%
Keski-Suomi Väinönkeskus Jyväskylä
72%
Keski-Suomi Kauppakulma Jyväskylä
70%
Keski-Suomi Kallentori Jyväskylä
69%
Pirkanmaa Lielahtikeskus Tampere
64%
Uusimaa Iso Omena Espoo
63%
Uusimaa Forum Helsinki
63%
Uusimaa Kamppi Helsinki
63%
Uusimaa Jumbo Vantaa
63%
Lappi Rinteenkulma Rovaniemi
62%
Kanta-Häme Goodman Hämeenlinna
61%
Uusimaa Helsinki Outlet Helsinki
61%
Uusimaa Itis Helsinki
61%
Uusimaa Citycenter Helsinki
60%
Kymenlaakso Hansa Kouvola
60%
Kymenlaakso Veturi Kouvola
60%
Pirkanmaa Tullintori Tampere
60%
Uusimaa Flamingo Vantaa
60%
Uusimaa Arabia Helsinki
58%
Etelä-Karjala IsoKristiina Lappeenranta
58%
Uusimaa Columbus Helsinki
57%
Uusimaa Espoontori Espoo
56%
Uusimaa Hertsi Helsinki
56%
Uusimaa Kaari Helsinki
56%
Pohjois-Pohjanmaa Ideapark Oulu
56%
Lappi Rajalla Tornio
56%
Uusimaa Dixi Vantaa
56%
Kanta-Häme Linna Hämeenlinna
55%
Päijät-Häme Karisma Lahti
55%
Ahvenanmaa Sittkoff Gallerian Maarianhamina
55%
Lappi Sampokeskus Rovaniemi
54%
Päijät-Häme Syke Lahti
53%
Päijät-Häme Trio Lahti
53%
Uusimaa Easton Helsinki
52%
Uusimaa Kluuvi Helsinki
52%
Pirkanmaa Duo Tampere
52%
Kymenlaakso Pasaati Kotka
51%
Kymenlaakso Valtari Kouvola
51%
Uusimaa Kämp Galleria Helsinki
49%
Pohjois-Savo Matkus Kuopio
48%
Uusimaa Isomyyri Vantaa
48%
Uusimaa Ainoa Espoo
47%
Kanta-Häme Tuulonen Hämeenlinna
47%
Uusimaa Lauttis Helsinki
47%
Pohjois-Karjala Iso Myy Joensuu
47%
Pohjois-Pohjanmaa Liminganportti Liminka
47%
Satakunta Puuvilla Pori
47%
Keski-Pohjanmaa Chydenia Kokkola
46%
Etelä-Savo Akseli Mikkeli
46%
Uusimaa Entresse Espoo
45%
Lappi Saariselän Kuukkeli Inari
45%
Etelä-Savo Stella Mikkeli
45%
Pohjois-Pohjanmaa Valkea Oulu
45%
Uusimaa Malmin Nova Helsinki
44%
Uusimaa Redi Helsinki
44%
Satakunta IsoKarhu Pori
44%
Varsinais-Suomi Hansa Turku
44%
Uusimaa Lippulaiva Espoo
43%
Pohjois-Karjala Metropol Joensuu
43%
Pohjois-Pohjanmaa Zeppelin Kempele
43%
Pohjois-Savo Minna Kuopio
43%
Uusimaa Sello Espoo
42%
Kanta-Häme Optelli Hämeenlinna
42%
Uusimaa Malmintori Helsinki
42%
Pohjois-Karjala Plaza Centrum Joensuu
42%
Keski-Pohjanmaa Maxim Kokkola
42%
Pohjois-Savo Kolmisoppi Kuopio
42%
Satakunta Bepop Pori
42%
Pohjois-Savo Aapeli Kuopio
40%
Uusimaa Lohjantähti Lohja
40%
Pohjois-Pohjanmaa Kapteeni Oulu
40%
Etelä-Pohjanmaa Tuurinportti Alavus
39%
Uusimaa Tripla Helsinki
39%
Uusimaa Grani Kauniainen
39%
Pohjois-Savo Sektori Kuopio
39%
Varsinais-Suomi Forum Turku
39%
Uusimaa Ruoholahti Helsinki
38%
Varsinais-Suomi Skanssi Turku
38%
Uusimaa Myyrmanni Vantaa
38%
Satakunta Teljäntori Pori
37%
Pohjanmaa Espen Vaasa
37%
Uusimaa Tikkuri Vantaa
37%
Uusimaa Heikintori Espoo
36%
Satakunta Potkur Rauma
36%
Kymenlaakso Zsar Virolahti
35%
Varsinais-Suomi Mylly Raisio
33%
Uusimaa Koivukeskus Vantaa
30%
Päijät-Häme Willa Hyvinkää
28%
Uusimaa Lanterna Helsinki
26%
Ahvenanmaa Maxinge Center Jomala
26%
Pirkanmaa Elo Ylöjärvi
26%
Uusimaa Ristikko Helsinki
22%
Etelä-Pohjanmaa RoadHouse Kauhava
22%
Uusimaa Lohi Lohja
22%
Uusimaa Merituuli Espoo
21%
Uusimaa Saari Helsinki
20%
Pirkanmaa Veska Pirkkala
18%
Pirkanmaa Koskikara Valkeakoski
18%
Uusimaa Liila Espoo
17%
Uusimaa Niitty Espoo
16%
Uusimaa Suuris Espoo
15%
Uusimaa Karuselli Kerava
11%
Pohjois-Karjala Kupiainen Kitee
10%
Pirkanmaa Komppi Ikaalinen
9%
Pirkanmaa Torikeskus Valkeakoski
9%
Pohjois-Pohjanmaa Merta Kalajoki
8%
Pohjois-Pohjanmaa Kumpare Kuusamo
7%
Varsinais-Suomi Plaza Salo
7%
Uusimaa Viisari Vantaa
7%
Uusimaa Kirsikka Kirkkonummi
6%
Uusimaa Viiri Nurmijärvi
2%
Uusimaa Lundi Porvoo
1%
Ehtoja vastaavia visoja ei löytynyt
Tulosjakauma
Jokaisen tuloksen saaneiden osuus
Persentiili vastausten määrän mukaan
Tuloshistoriasi
Et ole pelannut tätä visaa